Guess the Random 5 Seconds of Summer Song #1 - Statistics

General Stats
  • This quiz has been taken 106 times
  • The average score is 96 of 210
Answer Stats
Answer % Correct
I
99%
a
95%
you
92%
You
92%
the
86%
The
86%
we
80%
We
80%
love
77%
when
76%
go
74%
and
71%
to
71%
my
69%
no
69%
your
69%
can
67%
it
65%
in
63%
is
60%
on
60%
so
60%
are
56%
all
51%
if
51%
too
51%
we're
51%
We're
51%
could
49%
that
49%
but
48%
But
48%
now
48%
our
48%
had
46%
just
46%
of
45%
see
45%
Was
44%
not
40%
let
39%
night
39%
thought
39%
down:
38%
down
38%
place,
38%
place
38%
one
37%
been
36%
home
36%
way
36%
gone,
35%
more
35%
said
33%
wish
32%
Babylon
31%
part
31%
face,
30%
has
30%
knew
29%
stay
29%
than
29%
fall
27%
always,
26%
hardest
26%
knowing
26%
still
26%
wanted
26%
watch
26%
Burn
25%
higher,
25%
higher
25%
loved
25%
bright,
24%
fight,
24%
fire's
24%
headspace
24%
base,
23%
both
23%
we'd
23%
drive,
21%
harder
21%
small
21%
faded
18%
start
18%
tired
18%
trace,
18%
erased
17%
phase
15%
new,
13%
amused
12%
blank
12%
cold
12%
moon,
12%
phased
12%
slate,
12%
short
11%
white
11%
fuse,
10%
June,
10%
immune
8%
mood
8%
residue
8%
clue
7%
color
7%
half
7%
rude,
7%
truths
6%
feud,
5%
No matching quizzes found
Score Distribution
Percent of People with Each Score
Percentile by Number Answered
Your Score History
You have not taken this quiz